[Event "Ottawa RA Winter op"]
[Site "Ottawa"]
[Date "1990.01.13"]
[Round "1"]
[White "Closs, Matthew"]
[Black "Brodie, Hugh"]
[Result "1/2-1/2"]
[WhiteElo "1798"]
[BlackElo "1971"]
[PlyCount "71"]
[EventDate "1990.01.13"]
[EventType "swiss"]
[EventRounds "5"]
[EventCountry "CAN"]
[SourceTitle "EXT 2022"]
[Source "ChessBase"]
[SourceDate "2021.10.06"]
[SourceVersion "1"]
[SourceVersionDate "2021.10.06"]
[SourceQuality "1"]

1. e4 c5 2. Nf3 Nc6 3. d4 cxd4 4. Nxd4 g6 5. c4 Bg7 6. Be3 Nf6 7. Nc3 Ng4 8. Qxg4 Nxd4 9. Qd1 e5 10. c5 Qa5 11. Rc1 0-0 12. Qd2 Qxc5 13. Nb5 Qe7 14. f3 Nxb5 15. Bxb5 d6 16. 0-0 Be6 17. Rc3 Rfd8 18. Rfc1 Rac8 19. Bxa7 Rxc3 20. Rxc3 Ra8 21. Bb6 Rxa2 22. Qc1 Qh4 23. Bf2 Qd8 24. Bc4 Bxc4 25. Rxc4 Ra8 26. Rc7 Ra1 27. Qxa1 Qxc7 28. Qa8+ Bf8 29. Be3 Kg7 30. Bh6+ Kxh6 31. Qxf8+ Kg5 32. h4+ Kf6 33. g4 Qd7 34. g5+ Ke6 35. Qh8 Ke7 36. Qf6+ 1/2-1/2